00235nam a2200097Ia 4500008004100000041001200041082001600053245005000069260000900119650000900128221030s9999 xx 000 0 und d aEnglish a105.23bMCA 0aInformation Technology Project ManagementbCD c2007 aBook